Ranh giới Tiểu thuyết

Kaydedildi:
Detaylı Bibliyografya
Materyal Türü: Kitap
Dil:Vietnamese
Baskı/Yayın Bilgisi: H. Quân đội nhân dân 1979
Konular:
Etiketler: Etiketle
Etiket eklenmemiş, İlk siz ekleyin!
Thư viện lưu trữ: Mạng thư viện Đại học Đà Nẵng
LEADER 00956nam a2200301 4500
001 000005448
003 1592
005 20120418080459.0
008 110816s1979 viesd
020 |c 10000đ 
041 0 |a vie 
082 |a 895.9223  |b Ran 
245 0 |a Ranh giới  |b Tiểu thuyết 
260 |a H.  |b Quân đội nhân dân  |c 1979 
300 |a 255 tr.  |c 19 cm. 
653 |a Văn học Việt Nam 
653 |a Tiểu thuyết 
910 |a Huỳnh Thị Cẩm Lai  |d 16/08/2011 
OWN |a LSP 
AVA |a UDN50  |b LSP  |d 895.9223 Ran  |e unavailable  |t Error 5002 Not defined in file expand_doc_bib_avail.  |f 1  |g 1  |h N  |i 0  |k 1 
999 |a From the UDN01 
AVA |a UDN50  |b LSP  |d 895.9223 Ran  |e unavailable  |t Error 5002 Not defined in file expand_doc_bib_avail.  |f 1  |g 1  |h N  |i 0  |k 1 
TYP |a Monograph 
TYP |a Printed language 
980 |a Mạng thư viện Đại học Đà Nẵng